| 000 | 00760nam a2200217Ii 4500 | ||
|---|---|---|---|
| 003 | JO-AjNU | ||
| 008 | 230606s9999||||xx |||||||||||||| ||und|| | ||
| 020 | _a0-521-04494-4 | ||
| 040 |
_aJO-AjNU _beng _erda _cJO-AjNU |
||
| 041 | _aeng | ||
| 050 | 1 | 4 | _aD53.A2.C3 1981 |
| 100 | 3 |
_aEdited: Cook, S.A/ F.E. Adcock / M.P.Charlesworth/ N.H.Baynes, _eauthor _95584 |
|
| 245 | 0 | 4 | _aThe Cambridge ancient history : volume xii the imperial crisis and recovery |
| 250 | _a1 ed | ||
| 264 | 3 | 1 | _aLondon ; New York : Cambridge University Press,1981 |
| 300 |
_a849p _bIncludes bibliographical indexes(p728-849) |
||
| 336 |
_atext _btxt _2rdacontent |
||
| 337 |
_aunmediated _bn _2rdamedia |
||
| 338 |
_avolume _bnc _2rdacarrier |
||
| 650 | 4 |
_a History , Ancient _95585 |
|
| 999 |
_aE2890 _c2888 _d2888 |
||